| 000 | 00561nam a2200181 a 4500 | ||
|---|---|---|---|
| 001 | 000045966 | ||
| 005 | 20201002052542.0 | ||
| 008 | 150603s2003 dr a 000 0 spa d | ||
| 040 |
_aDO-SdBNP _bspa _cBNPHU |
||
| 082 |
_axxxx _bxxxx |
||
| 100 | 1 |
_aCastro C., Carlos _952171 |
|
| 245 | 1 | 4 |
_aLas moradas / _cCarlos Castro C. |
| 250 | _a2a ed. | ||
| 260 |
_aSanto Domingo : _bAdvertising, _c2003. |
||
| 300 |
_a112 p. : _bil. ; _c21 cm. |
||
| 500 | _aIncluye datos biográficos del autor en la solapa de la contracubierta | ||
| 700 | 1 | 2 |
_aMarchena, Samuel, _eil. _974040 |
| 999 |
_c45455 _d45455 |
||